|
|
|
|
| LEADER |
00643nab a2200169 i 4500 |
| 001 |
misc3354 |
| 005 |
20191106141829.0 |
| 008 |
170607s1947 hu o 0|| hun d |
| 040 |
|
|
|a SZTE Miscellanea Repozitórium
|b hun
|
| 041 |
|
|
|a hun
|
| 100 |
1 |
|
|a Maczkó Dezső
|
| 245 |
1 |
2 |
|a A gyalogsági géppuska korszerűsítésének kérdése
|h [elektronikus dokumentum] :
|b (Megjelent az orosz katonai szemle 1946. évi 16. számában) /
|c Maczkó Dezső
|
| 260 |
|
|
|c 1947
|
| 300 |
|
|
|a 67-69
|
| 490 |
0 |
|
|a Honvéd : katonai folyóirat
|v 2 No. 5
|
| 695 |
|
|
|a Hadtudomány
|
| 856 |
4 |
0 |
|u http://misc.bibl.u-szeged.hu/3354/1/honved_002_005_067-069.pdf
|z Dokumentum-elérés
|